Les douze paroles du Tzigane / (Record no. 113523)

MARC details
000 -LEADER
campo de control de longitud fija 00692nam a2200217 4500
001 - NÚMERO DE CONTROL
campo de control 113523
003 - IDENTIFICADOR DE NÚMERO DE CONTROL
campo de control ES-MaACL
005 - FECHA Y HORA DE LA ÚLTIMA TRANSACCIÓN
campo de control 20230906185927.0
007 - CAMPO FIJO DE DESCRIPCIÓN FÍSICA--INFORMACIÓN GENERAL
campo de control de longitud fija t|
008 - DATOS DE LONGITUD FIJA--INFORMACIÓN GENERAL
campo de control de longitud fija 061121s1931 fr r ||||1| fre d
100 1# - ENTRADA PRINCIPAL--NOMBRE DE PERSONA
Nombre de persona Palamas, Kostes (
Fechas asociadas al nombre 1859-1943)
9 (RLIN) 88458
245 14 - MENCIÓN DEL TÍTULO
Título Les douze paroles du Tzigane /
Mención de responsabilidad, etc. Costis Palamas ; traduit du néo-grec par Eugène Clement ; préface de Henry Bidou.
260 ## - PUBLICACIÓN, DISTRIBUCIÓN, ETC.
Lugar de publicación, distribución, etc. Paris :
Nombre del editor, distribuidor, etc. Librairie Stock,
Fecha de publicación, distribución, etc. 1931.
300 ## - DESCRIPCIÓN FÍSICA
Extensión X, 207 p. ;
Dimensiones 19 cm.
490 1# - MENCIÓN DE SERIE
Mención de serie Cabinet cosmopolite
700 1# - ENTRADA AGREGADA--NOMBRE PERSONAL
Nombre de persona Clément, Eugène.
9 (RLIN) 39178
700 1# - ENTRADA AGREGADA--NOMBRE PERSONAL
Nombre de persona Bidon, Henry.
9 (RLIN) 28790
830 0# - PUNTO DE ACCESO ADICIONAL DE SERIE-TÍTULO UNIFORME
Título uniforme Cabinet cosmopolite
9 (RLIN) 229845
852 ## - LOCALIZACIÓN
Ubicación ES-MaACL
Número de control de estantería A-3763
Holdings
Estatus retirado Estado de pérdida Estado de daño No para préstamo Biblioteca de origen Biblioteca actual Ubicación en estantería Fecha de adquisición Fuente de adquisición Total de préstamos Signatura topográfica completa Código de barras Visto por última vez Precio de reemplazo Tipo de ítem Koha
        Biblioteca del Ateneo de Madrid Biblioteca del Ateneo de Madrid Sala Pecera Planta 1 17/01/2008     A-3763 1118400 23/02/2023 23/02/2023 Libro impreso